ARRUPE JESUIT UNIVERSITY

CORONAVIRUS -STOP THE SPREAD - CLEAN,DISINFECT,COVER

Knowing darkness : (Record no. 119875)

MARC details
000 -LEADER
fixed length control field 01509cam a2200301 a 4500
001 - CONTROL NUMBER
control field 15804097
003 - CONTROL NUMBER IDENTIFIER
control field ARRUPE
005 - DATE AND TIME OF LATEST TRANSACTION
control field 20140203125414.0
008 - FIXED-LENGTH DATA ELEMENTS--GENERAL INFORMATION
fixed length control field 090706s2009 miu b 000 0 eng
010 ## - LIBRARY OF CONGRESS CONTROL NUMBER
LC control number 2009027587
020 ## - INTERNATIONAL STANDARD BOOK NUMBER
International Standard Book Number 9780802863447 (pbk. : alk. paper)
020 ## - INTERNATIONAL STANDARD BOOK NUMBER
International Standard Book Number 0802863442 (pbk. : alk. paper)
035 ## - SYSTEM CONTROL NUMBER
System control number (OCoLC)ocn368048441
040 ## - CATALOGING SOURCE
Original cataloging agency DLC
Transcribing agency DLC
Modifying agency BTCTA
-- IMC
-- C#P
-- BWX
-- YDXCP
-- DLC
050 00 - LIBRARY OF CONGRESS CALL NUMBER
Classification number BV4910.34
Item number .H36 2009
082 00 - DEWEY DECIMAL CLASSIFICATION NUMBER
Classification number 242/.4
Edition number 22
300 ## - PHYSICAL DESCRIPTION
Dimensions 19 cm.
100 1# - MAIN ENTRY--PERSONAL NAME
Personal name Hart, Addison Hodges,
Dates associated with a name 1956-
9 (RLIN) 7685
245 10 - TITLE STATEMENT
Title Knowing darkness :
Remainder of title on skepticism, melancholy, friendship, and God /
Statement of responsibility, etc Addison Hodges Hart.
260 ## - PUBLICATION, DISTRIBUTION, ETC. (IMPRINT)
Place of publication, distribution, etc Grand Rapids, Mich. :
Name of publisher, distributor, etc William B. Eerdmans Pub.,
Date of publication, distribution, etc 2009.
300 ## - PHYSICAL DESCRIPTION
Extent vii, 136 p. ;
504 ## - BIBLIOGRAPHY, ETC. NOTE
Bibliography, etc Includes bibliographical references.
505 0# - FORMATTED CONTENTS NOTE
Formatted contents note Introduction: Walking by faith, not by sight : the darkness of Mother Teresa -- Faith and skepticism -- Sorrow in the kingdom of God -- The Bible's Kerouac : Ecclesiastes -- Job and the problem of conventional piety -- A midwinter's dark night dialogue on friendship -- Concluding unscientific postscript.
650 #0 - SUBJECT ADDED ENTRY--TOPICAL TERM
Topical term or geographic name as entry element Depression, Mental
General subdivision Religious aspects
-- Christianity.
9 (RLIN) 7686
650 #0 - SUBJECT ADDED ENTRY--TOPICAL TERM
Topical term or geographic name as entry element Depression, Mental
General subdivision Biblical teaching.
9 (RLIN) 7687
906 ## - LOCAL DATA ELEMENT F, LDF (RLIN)
a 7
b cbc
c orignew
d 1
e ecip
f 20
g y-gencatlg
942 ## - ADDED ENTRY ELEMENTS (KOHA)
Source of classification or shelving scheme Library of Congress Classification
Koha item type Monograph ( Printed materials)

No items available.

 

Arrupe Library. PO Box MP320 Mt Pleasant, Harare, Zimbabwe
263 242 745411|librarian@aju.ac.zw